LEADER 00779nam a2200205 i 4500 001 000000211851 003 CaOOAMICUS 005 20120315000000.0 008 120315s1940 it u000 u ita u 013 $a190672 040 $aSeMil$bita 100 1 $aCarnelutti, Francesco.$0(OLS)http://semarc/name/36875 245 10$aMio fratello Daniele /$cFrancesco Carnelutti. 260 $aRoma ; Milano :$bTumminelli,$c1940. 300 $a182 p. ;$c21 cm. 650 4$aAvvocati - Italia - Memorie.$0(OLS)http://semarc/subject/39707 850 $aSeMil 852 $aSeMil$W1$xVenegono$y1$m1A V 4$j246182$B162290$CSeMilBibl$Z2$F173550 $81 996 $6245$aMio fratello Daniele$9(OLS)http://semarc/title/305921 996 $6260$aRoma ; Milano :$bTumminelli$9(OLS)http://semarc/publisher/35788 LEADER 00955nam a2200241 i 4500 001 000000069901 003 CaOOAMICUS 005 20250612122633.0 008 100208s1971 it u000 u ita u 013 $a41073 040 $aSeMil$bita 100 1 $aCocchiara, Giuseppe,$d<1904-1965>.$0(OLS)http://semarc/name/34733 245 10$aStoria del folklore in Europa /$cGiuseppe Cocchiara. 260 $aTorino :$bP. Boringhieri,$c1971. 300 $a622 p. ;$c20 cm. 490 0 $aUniversale scientifica ;$v69./70/71 650 4$aEuropa - Folclore.$0(OLS)http://semarc/subject/13893 830 0$aUniversale scientifica ;$v69./70/71.$0(OLS)http://semarc/title/7149 850 $aSeMil 852 $aSeMil$W1$xVenegono$y1$m2X I 330$j36054$B36054$CSeMilBibl$Z2$F36057 $81 996 $6245$aStoria del folklore in Europa$9(OLS)http://semarc/title/112071 996 $6260$aTorino :$bP. Boringhieri$9(OLS)http://semarc/publisher/32452